| 000 | 00000nam##2200000za#4500 |
| 001 | 9.699246 |
| 003 | CaOODSP |
| 005 | 20210625000308 |
| 007 | cr ||||||||||| |
| 008 | 150407|1963||||xxc|||||o f|0| 0 eng|d |
| 040 | |aCaOODSP|beng |
| 043 | |an-cn--- |
| 086 | 1 |aA53-1181/1963E-PDF |
| 110 | 1 |aCanada.|bAgriculture Canada.|bResearch Branch. |
| 245 | 10|aGrowing forage crops on Vancouver Island / |h[electronic resource]|c[by] R.H. Turley and E.F. Maas. |
| 260 | |aOttawa - Ontario : |bAgriculture Canada. |cFebruary 1963. |
| 300 | |a16p.|btable |
| 500 | |aHistorical publication digitized by Agriculture and Agri-Food Canada. |
| 590 | |a14-11-Supp|b2014-05-21 |
| 690 | 07|aForage crops|2gcpds |
| 690 | 07|aFarming|2gcpds |
| 856 | 40|ahttp://publications.gc.ca|qPDF|s1.1 MB|uhttps://publications.gc.ca/collections/collection_2014/aac-aafc/agrhist/A53-1181-1963-eng.pdf |
| 986 | |a1181 |